| 000 | 00930nam a22001817a 4500 | ||
|---|---|---|---|
| 005 | 20240910090132.0 | ||
| 008 | 230714b ||||| |||| 00| 0 eng d | ||
| 040 |
_cSSBUL _dSSBUL |
||
| 082 |
_223 _a၉၁၅.၉၁၁၆ ရောင် _b၁၆၀၂၄ (S-SAT) |
||
| 100 | 0 |
_aရောင်နီ။ _928033 |
|
| 245 | 1 |
_aရှမ်းပြည်တစ်ခွင် ခြေလျင်ခရီး / _cရောင်နီ။ |
|
| 260 |
_aရန်ကုန် ၊ _bကျုံပျော်စာပေ၊ _c[၁၉၆၄]။ |
||
| 300 |
_a၁၇၆ စာမျက်နှာ၊ _c၁၈ စင်တီ။ |
||
| 500 | _aS-SAT: Sai Aung Tun | ||
| 650 |
_aရှမ်းပြည်နယ် _xဒေသန္တရနှင့် ခရီးသွား။ _928034 |
||
| 650 |
_aမြန်မာနိုင်ငံ _xဒေသန္တရနှင့် ခရီးသွား။ _928030 |
||
| 942 |
_2ddc _cBK1 |
||
| 999 |
_c27235 _d27235 |
||